|
|
|
|
| LEADER |
00000nab a2200000ua 4500 |
| 001 |
vtls010746037 |
| 003 |
SK-MaSNL |
| 005 |
20260304203222.0 |
| 008 |
250718s1957 xo |||||||||||||||||slo| |
| 035 |
|
|
|a (urnnbn)urn:nbn:sk:snk:ar-a00drb
|
| 035 |
|
|
|a (uuid)4f116478-4452-467a-9a83-e226f2845e94
|
| 035 |
|
|
|a urn:nbn:sk:snk-ab479i
|
| 040 |
|
|
|a SNKBUCL
|b slo
|c SNKBUCL
|e AACR2
|
| 041 |
0 |
|
|a slo
|
| 044 |
|
|
|a xo
|c SK
|
| 080 |
|
|
|a 792
|2 2001
|
| 080 |
|
|
|a 791/792.071.2
|2 2001
|
| 080 |
|
|
|a 303.62
|2 2001
|
| 100 |
1 |
|
|a Andreánsky, Vojtech,
|d 1917-1993
|4 aut
|9 8392
|
| 245 |
1 |
0 |
|a Rozhovor s človekom, KTORÝ ROZDÁVA SMIECH
|c Vojtech Andreánsky
|
| 600 |
1 |
7 |
|a Dibarbora, František,
|d 1916-1987
|2 SNKMA
|9 103416
|
| 650 |
0 |
7 |
|a divadlo
|2 SNKPH
|9 3335
|
| 650 |
0 |
7 |
|a herci
|2 SNKPH
|9 3087
|
| 650 |
0 |
7 |
|a rozhovor
|2 SNKPH
|9 23484
|
| 773 |
0 |
|
|t Film a divadlo
|g Roč. 1, č. 2 (1957), s. 4
|
| 850 |
|
|
|a Slovenská národná knižnica
|
| 852 |
|
|
|a Slovenská národná knižnica
|
| 954 |
|
|
|a odborná, vedecká literatúra pôvodná (slovenská)
|2 lita
|
| 958 |
|
|
|a article3
|
| 958 |
|
|
|a OND
|
| 958 |
|
|
|a EUIPO
|
| 999 |
|
|
|c 3108421
|d 3110351
|